000 00882 a2200229 4500
005 20260317110540.0
008 260317b |||||||| |||| 00| 0 eng d
020 _a9788119497287 (hbk)
037 _cTB
040 _aAL
_cAL
041 _2hin
_ahin
084 _a4,42 152R4
_qAL
100 _aराठौर, सीमा
_9863289
245 _aटेलीविजन युग और पत्रकारिता
260 _aजयपुर, भारत:
_bपैराडाइज पब्लिशर्स,
_c2024.
300 _a240पृ.
365 _b2495.00
_cINR
650 _aटेलीविजन
650 _aपत्रकारिता
942 _cTB
_2CC
_h4,42 152R4
999 _c1467387
_d1467387